[Event "Preinscritos IRT Online"]
[Site "Chess.com INT"]
[Date "2020.12.26"]
[Round "2"]
[White "Cuadrado Garces, Aaron David"]
[Black "Quizhpe Vaca, Diego Andres"]
[Result "0-1"]
[WhiteElo "1647"]
[BlackElo "1984"]
[PlyCount "29"]
[EventDate "2020.12.26"]
[EventType "swiss"]
[EventRounds "11"]
[EventCountry "ECU"]
[SourceTitle "CBM 200 Extra"]
[Source "ChessBase"]
[SourceDate "2021.03.31"]
[SourceVersion "1"]
[SourceVersionDate "2021.03.31"]
[SourceQuality "1"]

1. d4 d5 2. Bf4 Nf6 3. Nf3 c5 4. e3 Nc6 5. c3 Qb6 6. Qc2 Bf5 7. Qc1 e6 8. h3 Rc8 9. Qd2 Ne4 10. Qe2 cxd4 11. exd4 Be7 12. Ne5 g5 13. Bh2 Nxd4 14. Qh5 Bg6 15. Qxg6 0-1